BSOP header

Lusotopie (Record no. 35700)

MARC details
000 -LEADER
fixed length control field 01784nam a2200373 4500
008 - FIXED-LENGTH DATA ELEMENTS--GENERAL INFORMATION
fixed length control field 120615c19949999fr fr pso 0 0 fr
020 ## - INTERNATIONAL STANDARD BOOK NUMBER
International Standard Book Number 1768-3084
-- 1257-0273
-- 1257-0273
041 0# - LANGUAGE CODE
Language code of text/sound track or separate title freporeng
043 ## - GEOGRAPHIC AREA CODE
Geographic area code d------
090 ## - LOCALLY ASSIGNED LC-TYPE CALL NUMBER (OCLC); LOCAL CALL NUMBER (OCLC)
Classification number (OCLC) (R) ; Classification number, CALL (RLIN) (NR) D880
Local cutter number (OCLC) ; Book number/undivided call number, CALL (RLIN) L97
-- XIV.1
130 0# - MAIN ENTRY--UNIFORM TITLE
Uniform title Lusotopie (Online)
245 10 - TITLE STATEMENT
Title Lusotopie
Medium [electronic resource] :
Remainder of title enjeux contemporains dans les espaces lusophones.
260 ## - PUBLICATION, DISTRIBUTION, ETC. (IMPRINT)
Place of publication, distribution, etc Paris :
Name of publisher, distributor, etc L'Harmattan,
Date of publication, distribution, etc 1994-
310 ## - CURRENT PUBLICATION FREQUENCY
Current publication frequency Semiannual,
Date of current publication frequency 2002-
321 ## - FORMER PUBLICATION FREQUENCY
Former publication frequency Annual,
-- 1994-2001
362 1# - DATES OF PUBLICATION AND/OR SEQUENTIAL DESIGNATION
Dates of publication and/or sequential designation Print began with 1994, no 1/2.
500 ## - GENERAL NOTE
General note Published: Paris : Karthala, 1995- ; London : Brill, <2005->
500 ## - GENERAL NOTE
General note Some issues have a distinctive title.
515 ## - NUMBERING PECULIARITIES NOTE
Numbering peculiarities note Issues for 2002, 1- called also 9-
515 ## - NUMBERING PECULIARITIES NOTE
Numbering peculiarities note Some issues combined.
530 ## - ADDITIONAL PHYSICAL FORM AVAILABLE NOTE
Additional physical form available note Also issued in print.
546 ## - LANGUAGE NOTE
Language note Chiefly in French; some articles in Portuguese and English.
550 ## - ISSUING BODY NOTE
Issuing body note Published with the assistance of: Maison des pays iberiques, and: Centre d'etude d'Afrique noire.
588 ## -
-- Description based on: Vol. 12, no. 1/2 (2005); title from table of contents page (IngentaConnect, viewed Feb. 22, 2007).
588 ## -
-- Latest issue consulted: Vol. 13, no. 2 (2006) (IngentaConnect, viewed Feb. 22, 2007).
651 #4 - SUBJECT ADDED ENTRY--GEOGRAPHIC NAME
Geographic name Developing countries
General subdivision Economic conditions
Form subdivision Periodicals.
651 #4 - SUBJECT ADDED ENTRY--GEOGRAPHIC NAME
Geographic name Developing countries
General subdivision Politics and government
Form subdivision Periodicals.
651 #4 - SUBJECT ADDED ENTRY--GEOGRAPHIC NAME
Geographic name Portuguese-speaking countries
General subdivision Economic conditions
Form subdivision Periodicals.
651 #4 - SUBJECT ADDED ENTRY--GEOGRAPHIC NAME
Geographic name Portuguese-speaking countries
General subdivision Politics and government
Form subdivision Periodicals.
655 #4 - INDEX TERM--GENRE/FORM
Genre/form data or focus term Electronic journals.
710 22 - ADDED ENTRY--CORPORATE NAME
Corporate name or jurisdiction name as entry element Centre d'etude d'Afrique noire (Institut d'etudes politiques de Bordeaux)
710 22 - ADDED ENTRY--CORPORATE NAME
Corporate name or jurisdiction name as entry element Maison des pays iberiques.
951 ## - EQUIVALENCE OR CROSS-REFERENCE-GEOGRAPHIC NAME/AREA NAME [OBSOLETE] [CAN/MARC only]
-- 35113
-- PERD880/L97/XIV.1
-- 120615172304156
-- 2000-12-21
-- PER
Holdings
Withdrawn status Lost status Source of classification or shelving scheme Damaged status Not for loan Home library Current library Shelving location Source of acquisition Accession number Total Checkouts Full call number Barcode Date last seen Copy number Price effective from Koha item type
    Library of Congress Classification     BSOP Library BSOP Library Periodicals English Gift: Theological Book Network 35113   D 880 L97 00041903 02/23/2013 vol. XIV.1 02/23/2013 Continuing Resources
BSOP

Biblical Seminary of the Philippines
  All rights Reserved
  © 2024

CONTACT INFORMATION

Biblical Seminary of the Philippines,
  77-B Karuhatan Road, Valenzuela City,
  PHILIPPINES 1441
  Phone: +632 8292-6795 / 8292-6798
  Fax : +632 8292-6675
  Email: library@bsop.edu.ph